zpět

Detail výsledku týmu

Hloupý Honza, Praha

Datum a čas kvízu

26 Celkem bodů Celkový počet nahraných bodů na tomto kvízu bez doplňovacích otázek.
12. Pořadí na kvízu Konečné umístění týmu na tomto kvízu.

Zaznamenané odpovědi

# Otázka Odpověď Body Výsledky
1. Žatecký pivovar uvařil netradi... 0
2. Někteří světoví státníci letos... 0
3. Slovenským potápěčům se podaři... 1
4. O tom, že se podnikatel a vizi... 0
5. Česká fotbalová reprezentace p... 0
6. Od 4. do 11. února 1945 se na... 0
7. Hlavním a největším městem Ukr... 1
8. Který z těchto mužů v současné... 0
9. Mezi nejtypičtější ukrajinské... 0
10. Ukrajina drží jeden zajímavý s... 0